000 00828nam a2200205 a 4500
001 000021696
005 20200930011420.0
008 100910s1999 dr 000 0 spa d
040 _aDO-SdBNP
_bspa
_cBNPHU
082 _axxx
_bP963r
111 2 _aCongreso iberoamericano CLAD sobre reforma del estado y de la administración pública
_n(4a :
_d1996 sept. :
_cSanto Domingo)
_945129
245 1 3 _aEl proceso de reforma y modernización del Estado en República Dominicana /
_cpresentación Onofre Rojas.
260 _aSanto Domingo :
_bComisión Presidencial para la Reforma y Modernización del Estado,
_c1999.
300 _a147 p. ;
_c24 cm.
490 1 _aReforma y democracia
500 _aIncluye notas al pie de páginas
700 1 _aRojas, Onofre
_epres.
_931119
830 0 _aReforma y democracia
_936244
049 _aBNPD
999 _c21195
_d21195